| 000 | 01192nam a22002777a 4500 | ||
|---|---|---|---|
| 001 | 0000003577 | ||
| 003 | PPM | ||
| 005 | 20260416104810.0 | ||
| 008 | 260416b ||||| |||| 00| 0 eng d | ||
| 020 |
_a9679933520 _cRM 70.00 _qHardback |
||
| 035 | _a0000003577 | ||
| 040 |
_bMalay _cPusat Penyelidikan Mineral, Jabatan Mineral Dan Geosains Malaysia _dPPM _eRDA |
||
| 082 | 0 | 0 |
_219 _a354.5950 _bAHM 1996 |
| 100 | 1 |
_aAhmad Sarji Abdul Hamid, Tan Sri, Dato' Seri, _d1938- _eauthor |
|
| 245 | 1 | 0 |
_aPerkhidmatan Awam Malaysia Bertaraf Dunia = Towards A World Class Malaysian Civil Service : Selected Speeches Of Tan Sri Dato' Seri Ahmad Sarji Bin Abdul Hamid, Chief Secretary to the Government, Malaysia / _coleh Ahmad Sarji bin Abdul Hamid |
| 260 | 1 |
_aKuala Lumpur : _bInstitut Tadbiran Awam Negara (INTAN) , _c1996 |
|
| 300 | 0 | 0 |
_axix, 378 pages .: _btable, illustrations.; _c22 cm |
| 650 | 1 | 0 |
_aCivil service _zMalaysia |
| 650 | 2 | 0 |
_aPublic administration _zMalaysia |
| 650 | 2 | 0 | _aLeadership |
| 650 | 2 | 0 |
_aQuality assurance _zMalaysia |
| 650 | 2 | 0 |
_aCorporations _zMalaysia |
| 650 | 2 | 0 |
_aInformation technology _zMalaysia |
| 710 | 2 | _aInstitut Tadbiran Awam Negara | |
| 942 |
_2ddc _cBK |
||
| 999 |
_c27196 _d27196 |
||